000 00775nam a2200241Ia 4500
003 OSt
005 20220928101800.0
006 a|||||r|||| 00| 0
007 ta
008 220927b |||||||| |||| 00| 0 eng d
020 _c1869.3
024 _a125310
037 _b444, 08/01/2015, Bookwell Publications
_cReports / Technical Reports
040 _aSDCL
_cSDCL
_beng
041 _2eng
_aeng
082 _aX:991.1'P, Q4 RR
245 0 _aGlobal employment trends 2014
_b Risk of a jobless recovery?
260 _aGeneva
_bInternational Labour Organiszation
_c2014
300 _a126p.
_ccm.
650 _aReference
942 _hX:991.1'P, Q4 RR
_cREP
_2CC
999 _c710725
_d710725